El Estado en Hobbes, Locke, Rousseau y Hegel/ (Registro nro. 7971)

Detalles MARC
000 -LEADER
fixed length control field 02274nam a2200193Ia 4500
005 - FECHA Y HORA DE LA ÚLTIMA TRANSACCIÓN
control field 20230428144312.0
008 - FIXED-LENGTH DATA ELEMENTS--GENERAL INFORMATION
fixed length control field 230427s9999 xx 000 0 und d
040 ## - CATALOGING SOURCE
Original cataloging agency UPAN
Transcribing agency Biblioteca San Vicente
Description conventions RCAA2
041 ## - LANGUAGE CODE
Language code of text/sound track or separate title spa
082 ## - DEWEY DECIMAL CLASSIFICATION NUMBER
Classification number 341.26
Item number V555e
100 ## - MAIN ENTRY--PERSONAL NAME
Personal name Villalta Baldovinos, Darío
Relator code aut.
245 #0 - TITLE STATEMENT
Title El Estado en Hobbes, Locke, Rousseau y Hegel/
Remainder of title Dario Villalta Baldovinos
250 ## - EDITION STATEMENT
Edition statement 1° ed.
260 ## - PUBLICATION, DISTRIBUTION, ETC. (IMPRINT)
Place of publication, distribution, etc El Salvador:
Name of publisher, distributor, etc Corte Suprema de Justicia,
Date of publication, distribution, etc 2006
300 ## - PHYSICAL DESCRIPTION
Extent 139 p.:
Dimensions 24 cm
505 ## - FORMATTED CONTENTS NOTE
Formatted contents note Introducciòn <br/>1. Generalidades sobre el ensayo a desarrollar y el pensamiento de los cuatro autores<br/>2. El contractualismo y el Estado de naturaleza<br/>3. La concepciòn de sociedad civil<br/>Capitulo I. Thomas Hobbes y la justificaciòn del Estado Absolutista<br/>1. Thomas Hobbes: Su personalidad<br/>2. La teorìa del movimiento<br/>3. Motivaciones de la conducta humana<br/>4. El Estado de naturaleza<br/>5. Fundaciòn de la sociedad con base a la razòn<br/>6. El contrato social y el Estado u hombre artificial<br/>7. La justificaciòn del Estado Hobbes<br/>Capitulo II. El contractualismo en John Locke: Justificaciòn del Estado Liberal Burguès y el Liberalismo Econòmico<br/>1. John Locke. Su personalidad<br/>2. El Estado de naturaleza, basado en la racionalidad natural del hombre <br/>3. El contrato social<br/>4. La sociedad civil o Estado: Garantìa de los intereses de una clase<br/>5. El Gobierno del Estado<br/>6. Derecho de resistencia y de insurrecciòn<br/>7. Locke y la justificaciòn del Estado liberal burguès<br/>Capitulo III. El Contractualismo de Juan Jacobo Rosseau: La Democracia Directa<br/>1. Juan Jacobo Rousseau: Su personalidad<br/>2. El Estado de naturaleza: El noble salvaje<br/>3. La sociedad humana<br/>4. Las causas de la desigualdad entre los hombre <br/>5. El contrato social<br/>6. La voluntad general<br/>7. La soberanìa popular <br/>8. El Gobierno y la democracia directa<br/>9. La justificaciòn del EStado segùn Juan Jacobo Rousseau<br/>Capitulo IV. Hegel: La absolutizaciòn del Estado<br/>1. Guillermo Federico Hegel: Su personalidad<br/>2. La teorìa dialèctica de la idea<br/>3. La sociedad y el Estado<br/>4. Derecho estatal inerno<br/>5. Derecho estatal internacinal<br/>6. Desarrollo de la historia universal<br/>7. La justificaciòn del Estado en Hegel
650 ## - SUBJECT ADDED ENTRY--TOPICAL TERM
Source of heading or term LEMB
Topical term or geographic name as entry element Estado
942 ## - ADDED ENTRY ELEMENTS (KOHA)
Koha item type Libros
Source of classification or shelving scheme Dewey Decimal Classification
Existencias
Withdrawn status Lost status Source of classification or shelving scheme Damaged status Not for loan Collection code Home library Current library Date acquired Total Checkouts Full call number Barcode Date last seen Price effective from Koha item type
    Dewey Decimal Classification     Colección General Biblioteca UPAN San Vicente Biblioteca UPAN San Vicente 27/04/2023   341.26 V555e 12000572 27/04/2023 27/04/2023 Libros
    Dewey Decimal Classification     Colección General Biblioteca UPAN San Vicente Biblioteca UPAN San Vicente 27/04/2023   341.26 V555e 12000571 28/04/2023 27/04/2023 Libros